[Event "London Classic FIDE Open"]
[Site "London ENG"]
[Date "2011.12.07"]
[Round "5"]
[White "Sigurdsson, Birkir Karl"]
[Black "Warman, Simon M"]
[Result "0-1"]
[WhiteElo "1649"]
[BlackElo "2056"]
[WhiteFideId "2304180"]
[BlackFideId "408867"]
[EventDate "2011.12.03"]

1. c4 Nf6 2. g3 g6 3. Bg2 Bg7 4. Nf3 O-O 5. O-O d6 6. b3 c5 7. Bb2 Na6 8. e3 Rb8
9. Nc3 Nc7 10. Qe2 Bf5 11. d4 Qc8 12. Rfd1 a6 13. a4 Ne4 14. Rac1 Qe8 15. Nh4
Nxc3 16. Bxc3 Bd7 17. Qd2 Bc6 18. d5 Bd7 19. e4 b5 20. cxb5 axb5 21. axb5 Bxc3
22. Qxc3 Nxb5 23. Qe3 Nd4 24. Rb1 Rb4 25. Nf3 Nxf3+ 26. Bxf3 Qb8 27. Be2 Bb5 28.
Bxb5 Qxb5 29. e5 Rb8 30. exd6 exd6 31. Qe7 Rxb3 32. Ra1 c4 33. Ra7 Rf8 34. Qxd6
c3 35. Qf4 c2 36. Rc1 Qxd5 37. Rc7 Rf3 38. Qh6 Qd1+ 39. Kg2 Qe2 40. Rf1 Qe4 41.
Kg1 Ra8 42. Rc5 Rf5 43. Rc7 Rb5 44. Qd2 Rb1 45. Rc1 Rxc1+ 46. Qxc1 Ra2 47. h4 h5
48. Kh2 Qe2 49. Kg2 Qd1 50. Qf4 Qd5+ 51. Qf3 Qxf3+ 52. Kxf3 Kg7 53. Rc6 Kf8 54.
Ke3 Ke7 55. f3 Kd7 56. Rc4 Kd6 57. Kd2 Ra3 58. Rf4 Rc3 59. Kc1 f5 60. g4 Ke5 61.
Ra4 Rxf3 62. gxh5 gxh5 63. Kxc2 Rf4 64. Ra5+ Ke4 65. Ra4+ Kf3 66. Ra8 Rxh4 67.
Kd3 f4 68. Kd4 Kg2 69. Ke4 f3+ 70. Ke3 f2 71. Ra2 Rh3+ 0-1

[Event "London Classic FIDE Open"]
[Site "London ENG"]
[Date "2011.12.07"]
[Round "5"]
[White "Phillips, Owen S"]
[Black "Rudd, Jack"]
[Result "0-1"]
[BlackTitle "IM"]
[WhiteElo "1959"]
[BlackElo "2290"]
[WhiteFideId "417882"]
[BlackFideId "405736"]
[EventDate "2011.12.03"]

1. e4 c5 2. Nc3 Nc6 3. Nge2 g6 4. g3 Bg7 5. Bg2 d6 6. O-O e6 7. d3 Nge7 8. Be3
Nd4 9. Qd2 Qa5 10. a4 Nec6 11. Qc1 a6 12. Bxd4 cxd4 13. Nd1 Bd7 14. c4 h5 15. h3
h4 16. g4 e5 17. f4 exf4 18. Qxf4 Ne5 19. Nf2 Qc5 20. a5 O-O-O 21. b4 Qxb4 22.
Rfb1 Qc5 23. Rb6 Bh6 24. g5 Bxg5 25. Qh2 Be3 26. Nc1 Bxc1 27. Rxc1 Nf3+ 28. Bxf3
Qg5+ 29. Bg4 Qxc1+ 30. Kg2 Bxg4 31. hxg4 h3+ 0-1

[Event "London Classic FIDE Open"]
[Site "London ENG"]
[Date "2011.12.07"]
[Round "5"]
[White "Reppen, Ellisiv"]
[Black "Coleman, David J"]
[Result "0-1"]
[BlackTitle "CM"]
[WhiteElo "1949"]
[BlackElo "2244"]
[WhiteFideId "1504959"]
[BlackFideId "402087"]
[EventDate "2011.12.03"]

1. e4 c5 2. Nf3 d6 3. d4 cxd4 4. Nxd4 Nf6 5. Nc3 a6 6. Bg5 e6 7. f4 Be7 8. Qe2
b5 9. O-O-O b4 10. Nb1 Bb7 11. Bxf6 Bxf6 12. e5 Be7 13. Qg4 g6 14. exd6 Qxd6 15.
Bc4 Bd5 16. Bxd5 Qxd5 17. Nb3 Qc6 18. Rhe1 O-O 19. h4 Nd7 20. Qe2 Bxh4 21. Rh1
Bf6 22. g4 Rfc8 23. g5 Bg7 24. Rh3 a5 25. Rhd3 Nc5 26. Nxc5 Qxc5 27. Rd7 a4 28.
Qd3 a3 29. bxa3 bxa3 30. Nd2 Qb4 31. Nb3 Qxf4+ 32. Kb1 Qe5 33. Nd4 Rab8+ 34. Ka1
Qxg5 35. c3 e5 36. Nf3 e4 37. Nxg5 exd3 38. Ne4 Rxc3 0-1

[Event "London Classic FIDE Open"]
[Site "London ENG"]
[Date "2011.12.07"]
[Round "5"]
[White "Hansen, Pal Andreas"]
[Black "Tart, Peter K"]
[Result "1-0"]
[WhiteElo "2056"]
[BlackElo "1944"]
[WhiteFideId "1506145"]
[BlackFideId "471070"]
[EventDate "2011.12.03"]

1. Nf3 g6 2. g3 Bg7 3. Bg2 c5 4. O-O Nc6 5. d3 d6 6. c4 e5 7. Nc3 Nge7 8. Ne1
O-O 9. Nc2 Rb8 10. Ne3 a6 11. a4 f5 12. Ned5 Nxd5 13. Bxd5+ Kh8 14. Bd2 f4 15.
f3 Bh3 16. Rf2 g5 17. Kh1 e4 18. Nxe4 Bxb2 19. Rb1 Bd4 20. Bc3 Bxc3 21. Nxc3 Qe7
22. Ne4 Nd4 23. gxf4 gxf4 24. Qg1 Rg8 25. Bxg8 Rxg8 26. Qc1 Qg7 27. Qxf4 Bg2+
28. Kg1 Bxf3+ 29. Ng3 Nxe2+ 30. Rxe2 Bxe2 31. Qe4 Qd4+ 32. Qxd4+ cxd4 33. Rb3
Bf3 34. Kf2 Rf8 35. Ke1 Bc6 36. a5 Re8+ 37. Kf2 Re5 38. Ra3 Kg7 39. Ne2 Rf5+ 40.
Kg3 Rf3+ 41. Kg4 h5+ 42. Kxh5 Bd7 43. Nxd4 Rf4 44. Ne2 Rf2 45. Ng3 Rxh2+ 46. Kg5
Rg2 47. Kf4 Kg6 48. Ne4 d5 49. cxd5 Rb2 50. Ke5 b5 51. axb6 Rxb6 52. Nc5 Bb5 53.
d4 Kf7 54. d6 Bc4 55. Rf3+ Ke8 56. d7+ Ke7 57. Rf8 Rd6 58. Re8+ 1-0

[Event "London Classic FIDE Open"]
[Site "London ENG"]
[Date "2011.12.07"]
[Round "5"]
[White "Tortorella, Giancarlo"]
[Black "Lenier, Jude A"]
[Result "0-1"]
[WhiteElo "1766"]
[BlackElo "2030"]
[WhiteFideId "824909"]
[BlackFideId "470678"]
[EventDate "2011.12.03"]

1. e4 e5 2. Bc4 Nf6 3. d3 Nc6 4. Nf3 Bc5 5. c3 a6 6. Bb3 d6 7. h3 Ba7 8. Nbd2
Be6 9. Nf1 d5 10. Qe2 dxe4 11. dxe4 Bxb3 12. axb3 Qd7 13. Ng3 O-O-O 14. Bg5 h6
15. Bxf6 gxf6 16. Nf5 Ne7 17. N3h4 Ng6 18. g3 Kb8 19. Nf3 h5 20. b4 Rhg8 21. Ra5
Qc6 22. O-O Nf4 23. Qc2 Rd3 24. Ne1 Qxe4 0-1

[Event "London Classic FIDE Open"]
[Site "London ENG"]
[Date "2011.12.07"]
[Round "5"]
[White "Heaton, Paul"]
[Black "Homolka, Vincent"]
[Result "1/2-1/2"]
[WhiteElo "2026"]
[BlackElo "1859"]
[WhiteFideId "411116"]
[BlackFideId "423033"]
[EventDate "2011.12.03"]

1. c4 Nf6 2. g3 c6 3. Bg2 d5 4. Nf3 g6 5. b3 Bg7 6. Bb2 O-O 7. O-O Bf5 8. d3 Qc8
9. Nbd2 Bh3 10. Rc1 Bxg2 11. Kxg2 Qe6 12. e3 Rd8 13. Qc2 Na6 14. a3 c5 15. d4
Rac8 16. Qb1 b6 17. cxd5 Qxd5 18. e4 Qb7 19. d5 Nc7 20. Qa1 Nfe8 21. Nc4 Bxb2
22. Qxb2 e6 23. dxe6 Nxe6 24. Rfe1 Nd4 25. Ncd2 Qe7 26. b4 Nxf3 27. Nxf3 cxb4 1/2-1/2

[Event "London Classic FIDE Open"]
[Site "London ENG"]
[Date "2011.12.07"]
[Round "5"]
[White "Frank-Nielsen, Marie"]
[Black "Pattni, Kishan"]
[Result "1/2-1/2"]
[WhiteTitle "WFM"]
[WhiteElo "2015"]
[BlackElo "1687"]
[WhiteFideId "1409344"]
[BlackFideId "420751"]
[EventDate "2011.12.03"]

1. e4 e5 2. Nf3 d6 3. d4 exd4 4. Nxd4 Nf6 5. Nc3 Be7 6. g3 O-O 7. Bg2 Re8 8. O-O
Nbd7 9. h3 h6 10. Kh2 Nc5 11. a3 Bf8 12. Re1 g6 13. b4 Ne6 14. Be3 Bg7 15. Qd2
Kh7 16. f4 Nxd4 17. Bxd4 c6 18. Rad1 d5 19. exd5 Rxe1 20. Qxe1 cxd5 21. Bxf6
Qxf6 22. Nxd5 Qb2 23. c4 Qxa3 1/2-1/2

[Event "London Classic FIDE Open"]
[Site "London ENG"]
[Date "2011.12.07"]
[Round "5"]
[White "Wigbout, Rod"]
[Black "Wallis, Ian J"]
[Result "0-1"]
[WhiteElo "1827"]
[BlackElo "2003"]
[WhiteFideId "419850"]
[BlackFideId "468452"]
[EventDate "2011.12.03"]

1. d4 Nc6 2. c4 e5 3. d5 Nce7 4. Nc3 Ng6 5. a3 f5 6. e4 d6 7. exf5 Bxf5 8. Bd3
Bxd3 9. Qxd3 Be7 10. Nge2 Nf6 11. Ng3 O-O 12. O-O Qd7 13. Bg5 Kh8 14. Nce4 Rf7
15. Bxf6 gxf6 16. Qd2 Rg8 17. Nh5 f5 0-1

[Event "London Classic FIDE Open"]
[Site "London ENG"]
[Date "2011.12.07"]
[Round "5"]
[White "Kalerwa, Edwin M"]
[Black "Hjort, Helge"]
[Result "0-1"]
[WhiteElo "1728"]
[BlackElo "1969"]
[WhiteFideId "422223"]
[BlackFideId "1436678"]
[EventDate "2011.12.03"]

1. Nf3 Nf6 2. c4 e6 3. g3 b6 4. Bg2 Bb7 5. O-O Be7 6. Re1 O-O 7. Nc3 d6 8. e4 c5
9. d4 Nbd7 10. e5 Ne8 11. d5 dxe5 12. Bh3 exd5 13. Nxd5 Bxd5 14. cxd5 Bd6 15.
Bg5 Qc7 16. Qa4 Nef6 17. Rad1 h6 18. Bc1 a6 19. Nh4 b5 20. Qc2 Nb6 21. Nf5 Rad8
22. Bxh6 gxh6 23. Qc1 Nh7 24. Qxh6 f6 25. Qg6+ Kh8 26. Re4 Rg8 27. Qh5 Rg5 28.
Qf3 Rdg8 29. Rh4 Nc8 30. Nh6 Bf8 31. Nxg8 Kxg8 32. Be6+ Kg7 33. Qd3 f5 34. Bxf5
Nf6 35. Be6 Be7 36. Qd2 Nh7 37. Rg4 Nd6 38. h4 Rxg4 39. Bxg4 Bf6 40. b3 c4 41.
Qc2 c3 42. Bf5 Nf8 43. b4 Qc4 44. a3 e4 45. Bh3 Ng6 46. Bf1 Qc8 47. Qe2 Ne5 48.
Qc2 Nf3+ 49. Kh1 Qg4 50. Bg2 Nd4 51. Qc1 N6f5 52. Re1 e3 53. Qxc3 exf2 54. Qc7+
Kg6 55. h5+ Qxh5+ 0-1

[Event "London Classic FIDE Open"]
[Site "London ENG"]
[Date "2011.12.07"]
[Round "5"]
[White "Kluger, Carsten"]
[Black "Gisbert Mir, Alejandro"]
[Result "0-1"]
[WhiteElo "2060"]
[BlackElo "1793"]
[WhiteFideId "4680855"]
[BlackFideId "22253653"]
[EventDate "2011.12.03"]

1. e4 c5 2. Nc3 a6 3. f4 b5 4. d3 Bb7 5. Nf3 e6 6. Qe2 Nc6 7. Be3 d6 8. g3 g6 9.
Bg2 Bg7 10. Qf2 Nge7 11. O-O O-O 12. g4 f5 13. gxf5 exf5 14. Ng5 Nd4 15. Nd5
fxe4 16. Qh4 h6 17. Ne6 Nxe6 18. Nxe7+ Kh7 19. f5 g5 20. Qg4 Qxe7 21. fxe6 Rae8
22. Bxe4+ Bxe4 23. Qxe4+ Kg8 24. Rxf8+ Bxf8 25. a4 Qxe6 26. Qxe6+ Rxe6 27. Kf2
Bg7 28. axb5 axb5 29. Ra2 Be5 30. h3 Rf6+ 31. Kg2 b4 32. b3 Kf7 33. Ra7+ Ke6 34.
Rh7 Kd5 35. h4 Bd4 36. hxg5 hxg5 37. Bxg5 Rg6 38. Rh5 Bf6 39. Kf3 Rxg5 0-1

[Event "London Classic FIDE Open"]
[Site "London ENG"]
[Date "2011.12.07"]
[Round "5"]
[White "Milnes, Anthony C P"]
[Black "Bishop, Geoffrey L"]
[Result "0-1"]
[WhiteElo "2055"]
[BlackElo "1791"]
[WhiteFideId "409634"]
[BlackFideId "417491"]
[EventDate "2011.12.03"]

1. f4 Nf6 2. Nf3 g6 3. d3 Bg7 4. e4 d6 5. Be2 O-O 6. O-O Nc6 7. Nc3 Bg4 8. Be3
a5 9. Qe1 a4 10. d4 a3 11. b3 d5 12. e5 Ne4 13. h3 Bf5 14. g4 Nxc3 15. Qxc3 Be4
16. Ng5 e6 17. Nxe4 dxe4 18. f5 exf5 19. gxf5 gxf5 20. Rxf5 Ne7 21. Rh5 Nd5 22.
Qd2 Nxe3 23. Qxe3 f5 24. Kh1 c5 25. c3 cxd4 26. cxd4 Kh8 27. Rf1 Qd7 28. Bc4 b5
29. e6 Qe8 30. e7 Qxh5 31. exf8=Q+ Rxf8 32. Be6 Bh6 33. Qg3 f4 34. Qe1 Qg6 35.
d5 f3 36. Qd1 Qg2# 0-1

[Event "London Classic FIDE Open"]
[Site "London ENG"]
[Date "2011.12.07"]
[Round "5"]
[White "Flynn, David"]
[Black "Turner, David J"]
[Result "1-0"]
[WhiteElo "1978"]
[BlackElo "1775"]
[WhiteFideId "410594"]
[BlackFideId "419737"]
[EventDate "2011.12.03"]

1. e4 d6 2. d4 Nf6 3. Nc3 g6 4. f4 Bg7 5. Bd3 O-O 6. Nf3 Bg4 7. h3 Bxf3 8. Qxf3
Nc6 9. Be3 Nb4 10. Rd1 c6 11. e5 Nfd5 12. Nxd5 cxd5 13. O-O e6 14. a3 Nxd3 15.
Rxd3 Qc7 16. Rc3 Qb6 17. Rb3 Qc7 18. Rc1 Rab8 19. Qe2 Rfc8 20. Rc3 Qb6 21. Rxc8+
Rxc8 22. c4 Qa6 23. exd6 Rxc4 24. Rxc4 Qxc4 25. Qxc4 dxc4 26. d7 Bf6 27. d5 exd5
28. Bxa7 Bd8 29. Kf2 b6 30. Ke3 Kf8 31. Kd4 Ke7 32. Kxd5 Kxd7 33. Bb8 b5 34. Kc5
c3 35. bxc3 Be7+ 36. Kxb5 Bxa3 37. Kc4 Kc6 38. Be5 Bc1 39. Kd4 f6 40. Bxf6 Bxf4
41. Ke4 Bc7 42. Be5 Bd8 43. Bd4 Bc7 44. Be3 Bd6 45. c4 Bc7 46. Kf3 Be5 47. Kg4
Bf6 48. Kf4 Kd6 49. Ke4 Bg7 50. Bd4 Bh6 51. Ba7 Bg7 52. Be3 Bf6 53. g4 Bg7 54.
Bd4 Bh6 55. Bf6 Bf8 56. Kd4 Ke6 57. Be5 Be7 58. Bg3 Bf6+ 59. Kc5 Kd7 60. Kb6 Kc8
61. Kc6 Be7 62. Bd6 Bf6 63. Bf8 Be5 64. Kd5 Bf4 65. Ke6 h5 66. Kf6 hxg4 67. hxg4
Kd7 68. Kxg6 Ke8 69. Bb4 Be5 70. Kf5 Bh8 71. Ke6 Kd8 72. g5 Bg7 73. Be7+ Kc7 74.
Bf6 Bf8 75. Kf7 1-0

[Event "London Classic FIDE Open"]
[Site "London ENG"]
[Date "2011.12.07"]
[Round "5"]
[White "Burnham, Frank D"]
[Black "Vlcek, Marek"]
[Result "0-1"]
[WhiteElo "1788"]
[BlackElo "1935"]
[WhiteFideId "419516"]
[BlackFideId "327611"]
[EventDate "2011.12.03"]

1. e4 e5 2. f4 Bc5 3. Nf3 d6 4. Bc4 Nf6 5. d3 Nc6 6. c3 Bg4 7. a4 a6 8. Qe2 O-O
9. Be3 Bxe3 10. Qxe3 exf4 11. Qxf4 Bxf3 12. gxf3 Ne5 13. Nd2 Nxc4 14. Nxc4 d5
15. Ne5 Qd6 16. d4 Rae8 17. Rg1 c5 18. Qg5 g6 19. Ng4 Nxg4 20. Rxg4 cxd4 21. Rh4
f5 22. O-O-O dxc3 23. exd5 cxb2+ 24. Kxb2 Re2+ 25. Rd2 Qe5+ 26. Ka2 Qxd5+ 0-1

[Event "London Classic FIDE Open"]
[Site "London ENG"]
[Date "2011.12.07"]
[Round "5"]
[White "Keuneke, Hanno"]
[Black "Cohen, Ronnie"]
[Result "0-1"]
[WhiteElo "1782"]
[BlackElo "1930"]
[WhiteFideId "4609271"]
[BlackFideId "412082"]
[EventDate "2011.12.03"]

1. e4 c6 2. d4 d5 3. Nc3 dxe4 4. Nxe4 Nd7 5. Bc4 Ngf6 6. Ng5 e6 7. Qe2 Nb6 8.
Bd3 Bd6 9. N1f3 h6 10. Ne4 Nxe4 11. Bxe4 Nd7 12. O-O Nf6 13. Ne5 Nxe4 14. Qxe4
Qc7 15. Bf4 b6 16. c4 g5 17. Be3 Bb7 18. c5 bxc5 19. dxc5 Bxe5 20. f4 Bxf4 21.
Bxf4 gxf4 22. Rxf4 O-O-O 23. Raf1 Rd7 24. Rxf7 Rxf7 25. Qxe6+ Rd7 26. Rf7 Rd8
27. Rh7 Kb8 0-1

[Event "London Classic FIDE Open"]
[Site "London ENG"]
[Date "2011.12.07"]
[Round "5"]
[White "Kouchak, Jason"]
[Black "Herda, Christoph"]
[Result "0-1"]
[WhiteElo "1776"]
[BlackElo "1908"]
[WhiteFideId "26011379"]
[BlackFideId "24623369"]
[EventDate "2011.12.03"]

1. d4 Nf6 2. Nf3 e6 3. Bg5 h6 4. Bh4 c5 5. c3 b6 6. Nbd2 Bb7 7. e3 Be7 8. Bd3 g5
9. Bg3 g4 10. Ne5 h5 11. Rg1 d6 12. Bb5+ Kf8 13. Nd3 a6 14. Ba4 h4 15. Bf4 b5
16. Bc2 c4 17. Nc1 Rg8 18. e4 Nbd7 19. Qe2 e5 20. Bh6+ Ke8 21. Be3 Nf8 22. b3
Qa5 23. Nb1 Nxe4 24. b4 Qc7 25. Bxe4 Bxe4 26. Nd2 Bc6 27. f3 gxf3 28. Nxf3 e4
29. Nd2 d5 30. h3 Qg3+ 31. Kd1 Ne6 32. Nf1 Qc7 33. Qf2 a5 34. a3 axb4 35. cxb4
Bxb4 36. Qb2 Bd6 37. Ne2 Ke7 38. Kc2 b4 39. axb4 Rxa1 40. Qxa1 Ra8 41. Qb2 Qb8
42. Bd2 Nf4 43. Nxf4 Bxf4 44. Be1 Bg5 45. g3 hxg3 46. Bxg3 Qh8 47. b5 Bb7 48.
Qb4+ Ke8 49. Be5 Qxh3 50. Rxg5 Qd3+ 51. Kb2 c3+ 52. Qxc3 Ra2+ 53. Kxa2 Qxc3 54.
Ng3 Qd2+ 0-1

[Event "London Classic FIDE Open"]
[Site "London ENG"]
[Date "2011.12.07"]
[Round "5"]
[White "Amier, Hamzah B. Mohd Zuhri"]
[Black "Kane, Robert"]
[Result "0-1"]
[WhiteTitle "CM"]
[WhiteElo "1745"]
[BlackElo "1888"]
[WhiteFideId "5704588"]
[BlackFideId "420468"]
[EventDate "2011.12.03"]

1. d4 Nf6 2. c4 e6 3. Nc3 Bb4 4. f3 d5 5. Bg5 h6 6. Bh4 c5 7. e3 Qa5 8. Qc2 Nbd7
9. Bd3 dxc4 10. Be4 Nxe4 11. fxe4 cxd4 12. exd4 e5 13. Ne2 exd4 14. Nxd4 O-O 15.
O-O Qh5 16. Bf2 Ne5 17. Nce2 Ng4 18. h3 Nxf2 19. Rxf2 b5 20. Raf1 Bd7 21. Kh1
Rac8 22. Nf3 Qc5 23. Nf4 Bc6 24. Re2 Ba5 25. Nh4 g5 26. Nh5 gxh4 27. Nf6+ Kg7
28. Rf5 Qxf5 29. exf5 Kxf6 30. Qc1 Kg7 31. Qf4 Rcd8 32. Qe5+ f6 33. Qf4 Rd1+ 34.
Kh2 Rf7 35. Qg4+ Kf8 36. Re8+ Kxe8 37. Qxd1 Bc7+ 38. Kg1 Bg3 39. Qh5 Ke7 40.
Qe2+ Kf8 41. Qd2 Kg7 42. Qe3 Rd7 43. Qe2 Kf8 44. Qh5 Re7 0-1

[Event "London Classic FIDE Open"]
[Site "London ENG"]
[Date "2011.12.07"]
[Round "5"]
[White "Andersen, Niels Erik"]
[Black "Miu, Marinel"]
[Result "0-1"]
[WhiteElo "2018"]
[BlackElo "1609"]
[WhiteFideId "1406507"]
[BlackFideId "1220691"]
[EventDate "2011.12.03"]

1. d4 d5 2. c4 e6 3. Nc3 Nf6 4. cxd5 exd5 5. Bg5 Nbd7 6. e3 Be7 7. Bd3 c6 8. Nf3
O-O 9. Qc2 h6 10. h4 Re8 11. Bf4 Bb4 12. O-O Nf8 13. a3 Bd6 14. Ne5 Nh5 15. g3
g5 16. hxg5 hxg5 17. Kg2 gxf4 18. Rh1 Bxe5 19. Rxh5 f3+ 20. Kxf3 Bg7 21. Rah1
Qf6+ 22. Kg2 Bg4 23. Kg1 Bxh5 24. Rxh5 Ne6 25. Ne2 Ng5 26. Nf4 Ne4 27. g4 Bh6
28. Nh3 Qe6 29. Qe2 Qd6 30. Qf3 Re6 31. g5 Bg7 32. Nf4 Rg6 33. Nxg6 fxg6 34. Rh2
Rf8 35. Qg4 Qe7 36. Rg2 Rf5 37. f4 c5 38. dxc5 Qxc5 39. Qh3 Qc6 40. Rc2 Qd7 41.
Qf1 Rf8 42. Qc1 Qg4+ 43. Rg2 Qh3 44. Qc5 Nxc5 0-1

[Event "London Classic FIDE Open"]
[Site "London ENG"]
[Date "2011.12.07"]
[Round "5"]
[White "Jones, Chris S"]
[Black "Opasiak, Dustin Tennessee"]
[Result "0-1"]
[WhiteElo "1868"]
[BlackElo "1737"]
[WhiteFideId "414905"]
[BlackFideId "24630217"]
[EventDate "2011.12.03"]

1. e4 c6 2. d4 d5 3. Nc3 dxe4 4. Nxe4 Bf5 5. Ng3 Bg6 6. Nf3 Nd7 7. Bd3 Ngf6 8.
O-O e6 9. Re1 Be7 10. c4 O-O 11. a3 a5 12. Bf4 Re8 13. Qc2 c5 14. Bxg6 hxg6 15.
Rad1 Qb6 16. d5 exd5 17. cxd5 Bd6 18. Ne2 Rxe2 19. Rxe2 Bxf4 20. g3 Bd6 21. Nd2
Qc7 22. Ne4 Nxe4 23. Rxe4 Nf6 24. Re2 Re8 25. Rxe8+ Nxe8 26. Qa4 Nf6 27. Qb5 Be5
28. b3 Bd4 29. Qc4 Qd6 30. Qb5 Qxd5 31. Qxa5 Bxf2+ 32. Kxf2 Qxd1 33. Qa8+ Kh7
34. Qxb7 Ng4+ 35. Kg2 Qe2+ 36. Kh3 Nf2+ 0-1

[Event "London Classic FIDE Open"]
[Site "London ENG"]
[Date "2011.12.07"]
[Round "5"]
[White "Haddock, Paul"]
[Black "Caorlin, Marco"]
[Result "0-1"]
[WhiteElo "1695"]
[BlackElo "1884"]
[WhiteFideId "419150"]
[BlackFideId "1317849"]
[EventDate "2011.12.03"]

1. e4 d5 2. exd5 Nf6 3. Nf3 Bg4 4. Bb5+ Nbd7 5. Nc3 a6 6. Bxd7+ Qxd7 7. d4 O-O-O
8. Be3 Nxd5 9. Nxd5 Qxd5 10. Qe2 e5 11. dxe5 Bxf3 12. Qxf3 Qxe5 13. O-O Bd6 14.
g3 h5 15. Rfe1 h4 16. Bf4 Qf5 17. Qe4 Qh3 18. Bxd6 Rxd6 19. Qg2 hxg3 20. Qxh3+
Rxh3 21. hxg3 Rdh6 22. Rad1 Rh8 23. c4 g5 24. Kf1 f5 25. Re5 f4 26. Rxg5 f3 27.
Ke1 c6 28. Kd2 Re8 29. Re1 Rhh8 30. Rxe8+ Rxe8 31. Rf5 Re2+ 32. Kd3 Rxf2 33. Ke3
Rxb2 34. Rxf3 Rxa2 35. g4 Ra3+ 0-1

[Event "London Classic FIDE Open"]
[Site "London ENG"]
[Date "2011.12.07"]
[Round "5"]
[White "Rogers, Tim L"]
[Black "Melcon Diez, Enrique"]
[Result "1-0"]
[WhiteElo "2061"]
[BlackElo "1632"]
[WhiteFideId "418137"]
[BlackFideId "32043180"]
[EventDate "2011.12.03"]

1. e4 c5 2. Nf3 g6 3. c4 Bg7 4. d4 cxd4 5. Nxd4 Nc6 6. Be3 Nf6 7. Nc3 O-O 8. Be2
b6 9. O-O Bb7 10. f3 Rc8 11. Rc1 Nh5 12. Ncb5 a6 13. Nxc6 Rxc6 14. Nc3 Nf6 15.
e5 Ne8 16. f4 g5 17. Bf3 gxf4 18. Bxc6 Bxc6 19. Bxf4 Nc7 20. Nd5 Ne6 21. Bg3 Kh8
22. Qh5 b5 23. Rxf7 Rxf7 24. Qxf7 bxc4 25. Nxe7 Ng5 26. Nxc6 Qb6+ 27. Bf2 Nxf7
28. Bxb6 dxc6 29. e6 Nd6 30. Rd1 Be5 31. e7 Kg7 32. Rxd6 1-0

[Event "London Classic FIDE Open"]
[Site "London ENG"]
[Date "2011.12.08"]
[Round "6"]
[White "Gupta, Abhijeet"]
[Black "D'Costa, Lorin A R"]
[Result "1-0"]
[WhiteTitle "GM"]
[BlackTitle "IM"]
[WhiteElo "2640"]
[BlackElo "2409"]
[WhiteFideId "5010608"]
[BlackFideId "409219"]
[EventDate "2011.12.03"]

1. d4 Nf6 2. c4 e6 3. Nc3 Bb4 4. f3 O-O 5. e4 d5 6. Bg5 dxe4 7. a3 Bxc3+ 8. bxc3
h6 9. Bh4 e3 10. Bd3 c5 11. Ne2 cxd4 12. cxd4 Qa5+ 13. Kf1 Nbd7 14. Qc1 e5 15.
d5 Qc5 16. Rb1 b6 17. Rb5 Qd6 18. Qxe3 Nc5 19. Bb1 Ba6 20. Rb4 Rae8 21. Kf2 e4
22. Rd1 exf3 23. Qxf3 Nfe4+ 24. Kg1 f5 25. Nd4 Qd7 26. Nb5 f4 27. h3 Ng3 28.
Bxg3 Re3 29. Qxf4 Rxf4 30. Bxf4 Re8 31. Rb2 Na4 32. Rb3 Bxb5 33. cxb5 Re2 34. d6
Nc5 35. Rg3 Qe6 36. Kh2 g5 37. Bc1 Nd7 38. Bd3 Re5 39. a4 Kf8 40. Bc2 Nc5 41. d7
Nxd7 42. Bb3 Qe7 43. Rf3+ Ke8 44. Bf7+ 1-0

[Event "London Classic FIDE Open"]
[Site "London ENG"]
[Date "2011.12.08"]
[Round "6"]
[White "Hunt, Adam C"]
[Black "Jones, Gawain C B"]
[Result "1/2-1/2"]
[WhiteTitle "IM"]
[BlackTitle "GM"]
[WhiteElo "2458"]
[BlackElo "2635"]
[WhiteFideId "403970"]
[BlackFideId "409561"]
[EventDate "2011.12.03"]

1. e4 c6 2. Nc3 d5 3. Nf3 Bg4 4. h3 Bxf3 5. Qxf3 e6 6. d3 Nd7 7. Be2 Ngf6 8. O-O
Bd6 9. d4 dxe4 10. Nxe4 Nxe4 11. Qxe4 Nf6 12. Qf3 O-O 13. Rd1 h6 14. c4 Qe7 15.
b3 a5 16. Bb2 Ba3 17. Bc3 Bb4 18. Bb2 Ba3 19. Bc3 Rfd8 20. Bd3 Bb4 21. Bb2 Ba3
22. Bc3 Kf8 23. Bc2 Bb4 24. Bb2 Ba3 25. Bc3 Ra6 26. Bd3 Ra7 27. Bc2 Bb4 28. Bb2
Ba3 29. Bc3 Rc8 30. Rab1 b6 31. Rd3 Bb4 32. Bb2 Ba3 33. Bc3 Bd6 34. Re3 Qd8 35.
Rd1 Rd7 36. Qe2 Qc7 37. Rf3 Be7 38. Rfd3 Re8 39. Qf3 Red8 40. Re3 b5 41. Red3 a4
42. Qe2 Qb7 43. Rf3 axb3 44. axb3 Ra8 45. Rfd3 Ra2 46. Ra1 Rxa1+ 47. Bxa1 Qa8
48. Rd1 Ra7 49. Bc3 Ra2 50. Qd3 Ra3 51. Qd2 Ra2 52. Qd3 Qa6 53. c5 Nd5 54. Bb1
Nxc3 55. Qxc3 Ra1 56. Qg3 g6 57. Qf3 Kg7 58. Be4 Bf6 59. Kh2 Rxd1 60. Qxd1 Qa2
61. Qf3 Bxd4 62. Bxc6 b4 63. Be8 Qxf2 64. Qxf2 Bxf2 65. c6 Bb6 66. Kg3 Kf8 67.
Bd7 Ke7 68. Kf4 Kd6 69. Be8 Ke7 70. Bd7 Kd6 71. Be8 e5+ 72. Ke4 f5+ 73. Kd3 g5
74. Kc4 e4 75. Kxb4 e3 76. Kc3 Ke5 77. Kd3 Kf4 78. Ke2 Kg3 79. Bg6 Kf4 80. Bf7
g4 81. hxg4 fxg4 82. b4 Kg3 83. Bd5 h5 84. c7 Bxc7 85. Kxe3 h4 86. Kd4 h3 87.
gxh3 gxh3 88. Kc5 h2 89. b5 Kf2 90. b6 Bxb6+ 91. Kxb6 Kg1 92. Kc5 h1=B 93. Bxh1
Kxh1 1/2-1/2

[Event "London Classic FIDE Open"]
[Site "London ENG"]
[Date "2011.12.08"]
[Round "6"]
[White "Houska, Jovanka"]
[Black "Grover, Sahaj"]
[Result "1-0"]
[WhiteTitle "IM"]
[BlackTitle "IM"]
[WhiteElo "2415"]
[BlackElo "2515"]
[WhiteFideId "405094"]
[BlackFideId "5021103"]
[EventDate "2011.12.03"]

1. d4 e6 2. c4 Nf6 3. Nf3 b6 4. g3 Ba6 5. b3 d5 6. cxd5 exd5 7. Bg2 Bb4+ 8. Bd2
Be7 9. Nc3 Bb7 10. O-O O-O 11. Rc1 Na6 12. Ne5 c5 13. dxc5 bxc5 14. Bg5 h6 15.
Bxf6 Bxf6 16. Nc4 Bd4 17. Nb5 Rb8 18. Ncd6 Ba8 19. Nxd4 Qxd6 20. Nc2 Rbd8 21.
Qd2 f5 22. e3 Qb6 23. Rfd1 Rd7 24. Ne1 d4 25. Bxa8 Rxa8 26. exd4 Rxd4 27. Qe2
Re4 28. Qf3 Rf8 29. Nd3 Qb5 30. Nf4 Nb4 31. Ng6 Rf6 32. Rd8+ Kf7 33. Qh5 Re8 34.
Ne5+ Ke7 35. Rd7+ Kf8 36. Rf7+ Kg8 37. Rxf6 Rxe5 38. Rxf5 1-0